000 00633nam a22001937a 4500
005 20250923121910.0
010 _aENG-144338
020 _a9788197414206
_c1295.00
035 _aEN-127870
037 _bDBAD
082 _a346.048
_21
100 _aSreenivasulu N S
_985170
245 _aInterfaces of Intellectual Property Law/
_cSreenivasulu N S
250 _a1
260 _aHaryana
_b Lexis Nexis
_c2025
270 _a14th Floor, Building No. 10, Tower-B, DLF Cyber City, Phase-II, Gurgaon
_bHaryana
_e122002
_mhelp.in@lexisnexis.com
300 _axliii, 498p.
_c25cm(hb)
942 _2ddc
_cEN
_h346.048
_mSRE
_e1
999 _c213446
_d213446